| 000 -LEADER |
| fixed length control field |
01260nam a22001577a 4500 |
| 008 - FIXED-LENGTH DATA ELEMENTS--GENERAL INFORMATION |
| fixed length control field |
201012b ||||| |||| 00| 0 eng d |
| 100 ## - MAIN ENTRY--PERSONAL NAME |
| Personal name |
Cohodes, Sarah R. |
| 245 ## - TITLE STATEMENT |
| Title |
The long-run impacts of specialized programming for high-achieving students |
| 260 ## - PUBLICATION, DISTRIBUTION, ETC. (IMPRINT) |
| Place of publication, distribution, etc |
American Economic Journal: Economic Policy |
| 300 ## - PHYSICAL DESCRIPTION |
| Extent |
12(1), Feb, 2020: p. 127-66 |
| 520 ## - SUMMARY, ETC. |
| Summary, etc |
I evaluate long-run academic impacts of specialized programming for high-achieving students by analyzing Advanced Work Class (AWC), an accelerated curriculum delivered in dedicated classrooms for fourth through sixth graders in Boston Public Schools. Fuzzy regression discontinuity estimates show that AWC has positive yet imprecise impacts on test scores and improves longer-term outcomes, increasing high school graduation and college enrollment. These gains are driven by black and Latino students. An analysis of mechanisms highlights the importance of staying "on track" throughout high school, with little evidence that AWC gains result from peer effects. - Reproduced |
| 650 ## - SUBJECT ADDED ENTRY--TOPICAL TERM |
| Topical term or geographic name as entry element |
Analysis of Education, Economics of minorities, Races, Indigenous peoples, Labor discrimination |
| 9 (RLIN) |
18532 |
| 773 ## - HOST ITEM ENTRY |
| Main entry heading |
American Economic Journal: Economic Policy |
| 906 ## - LOCAL DATA ELEMENT F, LDF (RLIN) |
| Subject DIP |
EDUCATION |
| 942 ## - ADDED ENTRY ELEMENTS (KOHA) |
| Item type |
Articles |